Harry Potter characters Quiz Stats

 Plays Quiz not verified by Sporcle

Score 0/13 Timer 07:00
0 Plays Today
Actor/Actress name Character name % Correct
Daniel RadcliffeHarry Potter
100%
Emma WatsonHermione Granger
95%
Rupert GrintRonald Weasley
92%
Robert Pattinson Cedric Diggory
91%
Tom FeltonDraco Malfoy
91%
Alan RickmanSeverus Snape
89%
Maggie SmithMinerva McGonagall
86%
James PhelpsFred Weasley
86%
Oliver PhelpsGeorge Weasley
86%
Bonnie WrightGinny Weasley
85%
Robbie ColtraneRubeus Hagrid
82%
Matthew LewisNeville Longbottom
72%
Timothy SpallPeter Pettigrew
64%

You're not logged in!

Compare scores with friends on all Sporcle quizzes.
OR
Log In

Show Comments

Extras

Top Quizzes Today


Score Distribution

Your Account Isn't Verified!

In order to create a playlist on Sporcle, you need to verify the email address you used during registration. Go to your Sporcle Settings to finish the process.

Report this User

Report this user for behavior that violates our Community Guidelines.

Details: